Statystyki dla Stolice państw śródziemnomorskich

Kliknij tutaj aby rozwiązać quiz!

Ogólne statystyki

  • Ten quiz został rozwiązany 14 726 razy
  • Średni wynik to 14 z 21

Statystyki odpowiedzi

KrajStolica% Poprawnych
WłochyRzym
96%
GrecjaAteny
93%
HiszpaniaMadryt
93%
FrancjaParyż
85%
ChorwacjaZagrzeb
85%
EgiptKair
80%
TurcjaAnkara
78%
AlbaniaTirana
73%
AlgieriaAlgier
66%
Bośnia i HercegowinaSarajewo
66%
TunezjaTunis
66%
IzraelJerozolima
63%
MonakoMonako
62%
SłoweniaLublana
61%
CyprNikozja
61%
MarokoRabat
61%
MaltaValletta
61%
CzarnogóraPodgorica
57%
SyriaDamaszek
47%
LibiaTrypolis
44%
LibanBejrut
43%

Rozkład punktacji

Percentyl według liczby udzielonych odpowiedzi

Procent ludzi z każdym wynikiem

Twoja historia wyników

Nie rozwiązałeś tego quizu